000 00753aam a2200277 i 4500
001 768714001
003 CO-MdFUSB
005 20250506082252.0
007 ta
008 250506t1949 ag |||| |||| 00| 0 spa d
040 _cCO-MdFUSB
041 0 _aspa
082 0 4 _223
_a241.2
_bU74i
100 1 _aUrcola, Pedro N.
_eautor
245 1 _aInfluencia del cine en la conducta del niño y del adolescente
_c/ Pedro N. Urcola
264 1 _bLa Aurora,
_aBuenos Aires, Argentina :
_c[1949]
264 4 _c©1949
300 _a44 páginas
336 _atexto
_btxt
_2rdacontent
337 _2rdamedia
_asin mediación
_bn
338 _2rdacarrier
_avolumen
_bnc
563 _aRústico
653 _aAspectos morales
942 _cBK
945 _aJTF-925
999 _c35389
_d35389